000 00869nas a2200301 4500
001 BR2013000676
003 BR-BrBNA
005 20231205121834.0
007 ta
008 230509b bl.|||p| |||| 00| 00por d
040 _aBR-BrBNA
_bpor
_cBiblioteca Nacional de Agricultura
041 _a(En)
072 _aK01
100 1 _aNeves, D.A.
100 1 _aLemos, F.
100 1 _aGonzález, A.P.
100 1 _aVieira, S.R.
100 1 _aSiqueira, G.M.
245 1 _aUsing geoestatistics for assessing biodiversity of forest reserve areas
650 _aEUCALIPTO
650 _aPINHEIRO
650 _aBIODIVERSIDADE
650 _aPROTEÇÃO AMBIENTAL
650 _aMÉTODO ESTATÍSTICO
773 0 _tBragantia (Brazil)
_xISSN 0006-8705
_g(2010), v. 68(suppl.) p. 131-140
_wBR2013000676
909 _a202311
_bLúcia
_c55
_dLúcia Elande
942 _2AGRIS
_n0
_cANA
999 _c225502
_d225502